000 00509nam a2200157 i 4500
001 56305
003 ES-MaACL
005 20230906163328.0
007 t|
008 031007s1934 it ||||1| ita d
100 1 _aCaporiacco, Ludovico di.
_934882
245 1 0 _aMel cuore del deserto libico
_b: a cufra : el auenat et oltre con la spedizione marchesi /
_cLudovico di Caporiacco.
260 _aFirenze :
_b[s.n.,
_c1934] (
_fFratelli Parenti di G.)
300 _a150 p. ;
_c23 cm.
852 _aES-MaACL
_jA-3675
999 _c56305
_d56305